1501 1086 1636 1754 1665 1404 1551 1592 1029 1283 1316 1848 1617 1527 1544 1735 1756 1594 1284 1577 1653 1632 1924 1766 1432 1179 1403 1378 1234 1298 1459 1823 1854 1608 1765 1086 1165 1621 1943 1042 1436 1122 1248 1860 1406 1261 1189 1080 1502 1180 1873 1684 1986 1127 1692 1302 1390 1966 1925 1121 1983 1195 1467 1215 1965 1234 1662 1876 1224 1576 1172 1042 1301 1200 1835 1556 1704 1990 1027 1139 1599 1829 1292 1909 1708 1432 1362 1442 1483 1888 1965 1134 1194 1839 1328 1213 1351 1188 1747 BCNSPRNW ULIB Ver.6.0+V

เปลี่ยนเป็นภาษาไทย

Change to English
 แสดงรายละเอียดบรรณานุกรม
  กลับหน้าหลัก

Brief Record : Get Marc (ISO 2709) : E-mail record : QR code < ปิดหน้าต่าง
LEADER : 00000nam 2200000uu 4500
001    13399123790
003     ULIB
008    141128s2547||||th 000 0 tha d
020    9749217597
024    9789749217597
099    นว.^bน472พ
100 0  นายา
245 00 พุดสามสี^cนายา
250    พิมพ์ครั้งที่ 2
260    กรุงเทพฯ :^bอักษรโสภณ,^c2547.
300    651 หน้า
945    ^p320^l0^i036888
999    ^aเกษร โพธิ์สุวรรณ
รายการนี้ยังไม่มีแท็ก
คุณยังไม่ได้ล็อกอิน คุณสามารถมีกิจกรรมร่วมกับเว็บไซต์ได้ แต่ต้องล็อกอินก่อน ::
  ล็อกอิน

รายการสื่อสารสนเทศ

ลำดับที่ ประเภท เลขเรียก/บาร์โค้ด สถานที่ สถานะ
1. นวนิยาย
นวนิยาย
นว. น472พ ฉ.1 
  Barcode: 036888
ห้องสมุดวิทยาเขตนครสวรรค์
►นวนิยาย:l:Fiction
ถูกยืม กำหนดส่งวันที่ 26 ธันวาคม 2559
  จอง
Note:อภินันทนาการโดย อาจารย์จุฑารัตน์ สว่างชัย

รายการใกล้เคียง
    ผู้แต่ง [นายา]

BibComment


ยังไม่เคยถูกคอมเมนท์

คอมเมนท์ทรัพยากรรายการนี้
  คอมเมนท์: พุดสามสี นายา


 Copyright 2026. Bcnsprnw @Library